Vista normal Vista MARC

Entrada Personal Name

Número de registros utilizados en: 2

001 - CONTROL NUMBER

  • control field: 36977

003 - CONTROL NUMBER IDENTIFIER

  • control field: OSt

005 - DATE AND TIME OF LATEST TRANSACTION

  • control field: 20210419145300.0

008 - FIXED-LENGTH DATA ELEMENTS

  • fixed length control field: 210419|| aca||aabn | a|a d

040 ## - CATALOGING SOURCE

  • Original cataloging agency: OSt
  • Transcribing agency: OSt

100 ## - HEADING--PERSONAL NAME

  • Personal name: Londoño Rivera, Fabio

670 ## - SOURCE DATA FOUND

  • Source citation: Work cat.: (OSt)7646: Restrepo Rivera, Tulio, 15040 compilador, Reforma Tributaria 2010 / , 2011